000 00471nam a2200181Ia 4500
008 090123s9999 xx 000 0 und d
082 _b37337
100 _aराऊत शोभा
245 _aअचानक
250 _a1
260 _bसुकृत प्रकाशन
_c2004
300 _a249
600 _aराऊत शोभा
630 _aअचानक
700 _aराऊत शोभा
730 _aअचानक
942 _cBOOK
999 _c75405
_d75405